00928nam a2200253 a 450000100100000000500170001000800410002702000150006804000250008308200170010810000280012524500750015326000580022830000300028649000230031649000290033950000430036859000260041170000340043783000300047183000350050195201210053699900170065700002393820200930022602.0110117s2004 xxua r 000 0 spa d a1929280289 aDO-SdBNPbspacBNPHU axxxxxxbO59w1 aŌoka, Shōhei94924412aA wife in musashino /cŌoka Shōhei ; traducción Dennis Washburn. aEstados Unidos :bcenter for Japanese Studies,c2004. a161 p. :bil. ;c23.5 cm.1 aMichigan Monograph1 aIn Japanese estudiesv51 aIncluye notas al pie de las páginas. aInventariado, 2019/BT1 aWashburn, Dennis,etr.949245 0aMichigan Monograph949246 0aIn Japanese studiesn51949247 001054708MOaGRbGRcHDd2011-01-17iLF1l0oxxxxxx O59wp23938-10r2020-06-25w2020-06-25y4ZPréstamo en sala c23434d23434